000 02234nam0a2200421 4500
001 RU\NLR\bibl\27129
005 20260407121001.0
010 _a5-7695-0264-9
_930000
021 _aRU
_b99-13205
_9637
035 _a(NLR Aleph) 000026436
090 _a128273
_c128273
100 _a19990513d1999 |||y0rusy50 ca
101 0 _arus
102 _aRU
105 _ay |||||||||
200 1 _aПедагогика: педагогические теории, системы, технологии
_eУчеб. пособие для студентов сред. пед. учеб. заведений
_f[Т.И. Бабаева, А.Г. Гогоберидзе, Н.Ф. Голованова и др.]
_gПод ред. С.А. Смирнова
_g[Федер. целевая прогр. книгоиздания России]
205 _a2-е изд., испр. и доп.
210 _aМ.
_cAcademiA
_d1999
215 _a533 с.
_d21
225 1 _aПедагогическое образование
300 _aБиблиогр. в конце разделов
320 _aПредм. указ.: с. 528-531
606 0 _aПедагогика
_jРуководства, пособия и т.п.
_9921924
_3RU\NLR\auth\6619222
606 0 _aПедагогика
_jУчебные издания для высшей школы
_9921924
_3RU\NLR\auth\6619222
686 _aЧ312
701 1 _4070
_8rus
_7ca
_aБабаева
_bТ. И.
_gТатьяна Игоревна
_3RU\NLR\auth\7743356
_926299
701 1 _4070
_7ca
_8rus
_aГогоберидзе
_bА. Г.
_cд-р пед. наук
_f1962-
_gАлександра Гививна
_9157098
_3RU\NLR\AUTH\770157138
701 1 _aГолованова
_bН. Ф.
_4070
702 1 _4340
_8rus
_7ca
_aСмирнов
_bС. А.
_cканд. пед. наук
_gСергей Александрович
_3RU\NLR\auth\7743321
_926264
712 0 2 _4570
_aФедеральная целевая программа книгоиздания России
_3RU\NLR\AUTH\889953597
_9403212
801 0 _aRU
_bNLR
_c19990513
_gPSBO
801 1 _aRU
_bNLR
_c19990513
852 _aNLR
_j99-3/3334
942 _cBOOK
980 _aNB